Statistiques concernant Toutes les supertechniques d'Inazuma Eleven (saison 1/2/3)

Cliquez ici pour prendre le quiz!

Statistiques générales

  • Ce quiz a été pris 89 fois
  • Le résultat moyen est 91 sur 227

Statistiques - réponses

Joueur(s)Supertechnique% Correct
Darren | MarkMain Céleste
99%
Darren | MarkMain Magique
94%
AxelTornade de Feu
94%
AxelTempête de Feu
87%
Axel - JackTrampoline du Tonnerre
87%
ToryLa Tour
85%
Axel - KevinTornade du Dragon
85%
ShawnBlizzard Éternel
84%
KevinChoc du Dragon
84%
Mark - Erik - BobbyPhénix
84%
David - Derek - Hatch | Mark - Jude - BobbyTriangle de la Mort
84%
MarkPoing de la Justice
82%
MarkPoing Explosif
82%
KevinChoc de la Vouivre
81%
ShawnLoup Légendaire
81%
MarkPoing Ardent
81%
JackLe Mur
79%
ShawnPatinoire
79%
TimyTourbillon
79%
Axel - ShawnFeu Glacé
76%
MarkMain Dimensionnelle
76%
XavierMétéore Géant
76%
MarkArrêt Céleste
75%
Mark - Axel - ShawnLa Terre
75%
Shawn - NathanOuragan
75%
JudeBallon Illusoire
74%
Axel - AustinTempête du Tigre
74%
Mark - AxelFoudre
72%
Mark - Erik - BobbyTri-Pégase
72%
Axel - Xavier - AustinFeu Tout-Puissant
71%
ByronInstant Céleste
71%
Hector HélioMain Céleste X
71%
DarrenMains de l'Infini
71%
Axel - NathanOiseau de Feu
71%
MarkPoing de la Colère
71%
AxelTourbillon de Feu
71%
ByronSavoir Suprême
69%
BobbyTacle de la Mort
69%
JackLa Montagne
68%
KevinMégadragon
68%
XavierFrappe Stellaire
66%
DarrenMain du Colosse
66%
Mark - Axel - AustinOuragan Inazuma
66%
MarkTête Explosive
66%
HurleyTir Tsunami
66%
NathanDanse d'Éole
65%
Mark - Axel - JudeÉclair Pulvérisant
65%
Austin HobbesFrappe du Tigre
65%
Jude - (David / Erik)Tir Puissance 2
65%
Shawn - ThorBête du Tonnerre
63%
Kevin - ShawnBlizzard de la Vouivre
63%
Edgar PartinusExcalibur
63%
Mark - Axel - JackSuper Trampoline du Tonnerre
63%
Dave QuagmireTrou de Ver
63%
Paolo BianchiÉpée d'Odin
62%
Xavier - Jude - ShawnBig Bang
60%
Xavier - Bellatrix - WittzSupernova
60%
JordanTir Astral
60%
NathanDribble Rafale
59%
Shawn - Jude - ErikManchot Empereur N°2
59%
Xavier - Bellatrix - WittzManchot Spatial
59%
Dave QuagmirePerceuse
59%
Tyler - Thomas - Marvin MurdockTriangle Z
59%
Jude - CalebChamp d'Énergie
57%
DavidManchot Empereur N°1
57%
Mac RobingoTir Samba
57%
ScottyTourbillon Vivant
56%
Archer HawkinsAspir-Attaque
54%
HurleyLe Typhon
54%
Hector HélioMain de l'Âme
54%
Jude - Caleb - DavidManchot Empereur N°3
54%
ByronTir Solaire
54%
Austin HobbesTir Téléguidé
54%
Joseph KingBouclier d'Énergie
53%
ErikDanse Ardente
53%
Xavier - ShawnL'Aurore
53%
Malcolm Night | Tod + Malcolm NightScie Circulaire
53%
Byron - Claude Beacons - Bryce WhitingaleTir Chaotique
53%
Austin HobbesCercle d'Épées
51%
Joseph KingMorsure Sauvage
51%
Thiago TorresMur de Fer
51%
Kevin - Nathan - MaxPhénix Noir
51%
ErikTir Hélicoptère
51%
ErikTir Pégase
51%
Tory - Scotty - HurleyTour Parfaite
50%
Hector HélioRayon X
49%
ShawnAnges des Neiges
47%
Erik - Mark Kruger - Dylan KeithGrand Fenrir
47%
Thomas FeldtProtecto-Bulle
47%
Nathan - JackTourbillon Trampoline
47%
Claude BeaconsÉruption Solaire
46%
Bryce WithingaleImpact Nordique
46%
SouTir de la Rose
46%
Thor StoutbergSumo-Écrasement
43%
Joseph KingBouclier d'Énergie Totale
41%
Nathan - Sam - Tod | Sam SamuraiTir Puissance 3
41%
Shadow CimmerianTornade Noire
41%
Dave QuagmireGungnir
40%
HurleyLe Rouleau
40%
Tyler + Thomas + Marvin MurdockTornade Inversée
40%
JordanSprint Éclair
38%
NathanTir banane
38%
Bobby ShearerVolcan Circulaire
38%
Edgar PartinusAttaque du Paladin
37%
Claude Beacons - Bryce WithingaleBlizzard Enflammé
37%
Gigi BlasiGarde du Colisée
37%
Dylan Keats - Mark KrugerTir de la Licorne
37%
Tory - SouDanse des Papillons
35%
Jim - Thomas FeldtDouble Pression
35%
TodDribble Spectral
35%
Maxwell - SteveRévolution V
35%
Jordan - DiamFrappe Cosmique
34%
NathanTacle Puissance 3
32%
Daniel HatchTir Rafale
32%
Hidetoshi NakataTir Vaillant
32%
Zeke ValancheFrappe de Gaïa
31%
Albert Green - Mark Hillvalley - Herb ShermanMuraille Infinie
31%
SamTir Grenade
31%
Joe DawesMégalodon
29%
Albert DenverTacle Glacial
29%
Thomas FeldtDouble fusée
28%
Thor StoutbergLame Sismique
28%
Paul SiddonMuraille Géante
28%
Paul SiddonMuraille Tsunami
28%
MaxwellShoot en Croix
28%
Jonas DémétriusTir Ricochets
28%
Tod - Nathan - SamTriple Tir
28%
Drago HillDouble Mâchoires
26%
Nasir MustafaTempête de Sable
26%
TimyTête Kung-Fu
26%
JohanTir Fantôme
26%
Falcão Da SilvaArrêt Capoeira
25%
Thomas FeldtBlocage Fusée
25%
Gareth FlareCharge Enflammée
25%
Jo Jung-SooPaumes Explosives
25%
Zeke ValancheRayon Ganymède
25%
Steve EagleAttaque du Condor
24%
SteveFrappe Rotative
24%
Jorge OrtegaMur de Mains
24%
ErikTir Spirale
24%
Dawson FoxxVoile d'Eau
24%
Nathan JonesDistorsion
22%
Timy - SamÉtoile Filante
22%
Lance RottenPrison de Pierre
22%
Ben BlowtonTacle Incendiaire
22%
Raffaele GeneraniTir de Glace
22%
Mark Gambling - Marcus Train - Spencer GatesConfusion
21%
Nelson RockwellFilet Stellaire
21%
Maximino CruzPlanche Volante
21%
Bilal KalilTir Mirage
21%
Billy DashUppercut Foudroyant
21%
Sail BlueseaBalle de Terre
19%
Henry HouseFlèche Céleste
19%
Gene WhalonGrande Barrière de Corail
19%
Nelson RockwellMur Temporel
19%
Neil TurnerTir de barrage
19%
Grant CookCarbonisation
18%
Jez ShellDétriplement
18%
Mark KrugerIcare
18%
Danny WoodMéga Séisme
18%
Garry LancasterSaut de Tarzan
18%
Gato CarvalhoSuper Elastico
18%
Carlos LagartoTacle Acrobate
18%
Leonard O'SheaTatou Géant
18%
Yasir Haddad - Gareth FlareAttaque en Duo
16%
Jonas DémétriusAttaque Tempête
16%
Walter ValiantBalle Factice
16%
Ben SimmonsCyclone
16%
Leone BaloneFlammes Infernales
16%
Chang Su CheTalon Infernal
16%
Gordon StarTrou Noir
16%
Mark Gambling - Gus GamerBatte Toute-Puissante
15%
Ben NorthBloc de Glace
15%
Walter MountainChoc Sismique
15%
Sam IdolCible Mouvante
15%
Keith RyanDouble Grenade
15%
Víctor García - Mateo Bonachea - Miguel JiménezLance-Pierre
15%
Kevin - WillyLe Coup de Willy
15%
Carrie McCuringPluie de Météores
15%
SouTour de la Comète
15%
Crane KikCracheur de Feu
13%
Freddy McQueenDéfense de Lumière
13%
Ike SteinerFeinte de la Taupe
13%
Holly SummersFrappe Kangourou
13%
Grant IcewaterGravité
13%
Sail BlueseaHolo-Dribble
13%
Bruce MonkeyPirouette du Singe
13%
Finn Stoned + Galen ThunderbirdSumo-Secousse
13%
Joe PokerTir Arc-en-Ciel
13%
Stuart RacoonfurTir Aveuglant
13%
Phil WingateToile d'Araignée
13%
MaxwellVol Rapide
13%
Miquel RosZigzag de Feu
13%
Kent Work - Seward Hayseed - Joe SmallDanse des Bambous
12%
Eric PurpletonMégalune
12%
Harry SnakeSouffle du Serpent
12%
Morgan SandersTornades
12%
Li LeungZigzag Électrique
12%
Ken IronwallArrêt de Sécurité
10%
Víctor GarcíaEsquive du Torero
10%
Albert GreenHache du Bûcheron
10%
Jim HillfortOmbre Furtive
10%
Lilly WillowPrima Donna
10%
Joe KenneddyTir de Sécurité
10%
Tom ContentedAttaque de l'aigle
9%
Rocky BlackExcavation
9%
victor hillsSans Issue
9%
JimSpiral de Défense
9%
Marshall ArtzAttaque Kung-Fu
7%
John NevilleBlocage de Force
7%
Alfred Meenan
Flèche Ouragan
7%
Barack DanielsPierre Tombale
7%
Daisy FieldsTrombe de Pétales
7%
Holly Mirror - Joe KenneddyArtilleur Acrobatique
6%
Roberto TorresBallon Furtif
6%
Marge Fielding - Taylor FirepoolDanse Charmante
6%
Charles RiverboatFlash Photonique
6%
TodSuper Turbo
6%
Drancis FakeTacle Périlleux
6%
Ian Smith - Wallace Hammond - Timothy WesternFile Indienne
4%
Tom WaltersSuper Rotation
4%
Shirley StevensZone Analytique
4%

Distribution des résultats

Percentile par nombre de réponses

% des personnes avec chaque résultat

Votre développement - résultats

Vous n’avez pas pris ce quiz